[Event "35. Torneo Internacional La Roda "]
[Site "La Roda ESP"]
[Date "2008.03.21"]
[Round "5.1"]
[White "Corrales Jimenez, Fidel"]
[Black "Cabrera, Alexis"]
[Result "1-0"]
[WhiteElo "2509"]
[BlackElo "2491"]
[PlyCount "104"]
[EventDate "2008.03.19"]
[EventType "swiss"]
[EventRounds "9"]
[EventCountry "ESP"]
[Source "lmi"]
[SourceDate "2008.03.19"]

1. e4 d5 2. exd5 Qxd5 3. Nc3 Qd6 4. d4 Nf6 5. Nf3 c6 6. Bd3 Bg4 7. Be3 Nbd7 8.
h3 Bh5 9. g4 Bg6 10. Qd2 Bxd3 11. Qxd3 e6 12. O-O-O Be7 13. Kb1 Rd8 14. g5 Nh5
15. Qe2 Nf4 16. Bxf4 Qxf4 17. h4 O-O 18. Rdg1 Rfe8 19. h5 e5 20. dxe5 Bf8 21.
Rh4 Qf5 22. Re4 Nc5 23. Re3 Ne6 24. Re4 Bc5 25. Rgg4 b5 26. a4 a6 27. Na2 Nc7
28. Nc1 Bf8 29. g6 fxg6 30. hxg6 h6 31. Nd4 Qd7 32. e6 Qd6 33. Nf5 Qc5 34. e7
Qxf5 35. Rgf4 Qxg6 36. Rg4 Qf6 37. exd8=Q Rxd8 38. Nd3 c5 39. Ne5 Nd5 40. Rg1
c4 41. Ng4 Qg6 42. Rg3 Kh7 43. Qe1 Nb4 44. Rg1 Qf5 45. Nxh6 Rd1+ 46. Qxd1 Qxe4
47. Nf7 Qf5 48. Ng5+ Kg8 49. f4 bxa4 50. Qe2 Qd5 51. Rd1 Qc6 52. Qh5 Bd6 1-0

[Event "35. Torneo Internacional La Roda "]
[Site "La Roda ESP"]
[Date "2008.03.21"]
[Round "5.2"]
[White "Sanchez, Joseph"]
[Black "Macak, Stefan"]
[Result "1-0"]
[WhiteElo "2492"]
[BlackElo "2361"]
[PlyCount "55"]
[EventDate "2008.03.19"]
[EventType "swiss"]
[EventRounds "9"]
[EventCountry "ESP"]
[Source "lmi"]
[SourceDate "2008.03.19"]

1. e4 e6 2. d4 d5 3. Nc3 Bb4 4. e5 Qd7 5. a3 Bxc3+ 6. bxc3 b6 7. Qg4 f5 8. Qg3
Ba6 9. Bxa6 Nxa6 10. Ne2 Kf7 11. a4 Nb8 12. Nf4 Ne7 13. h4 Nbc6 14. h5 h6 15.
Ba3 Rhe8 16. Qh4 Kg8 17. Rh3 Na5 18. Rg3 Kh7 19. Rd1 Nec6 20. Rg6 Nc4 21. Bc1
Re7 22. Rd3 Rf8 23. Rdg3 Rff7 24. Nh3 Qe8 25. Bxh6 gxh6 26. Ng5+ hxg5 27. Qxg5
Qf8 28. Rh6+ 1-0

[Event "35. Torneo Internacional La Roda "]
[Site "La Roda ESP"]
[Date "2008.03.21"]
[Round "5.4"]
[White "Paunovic, Dragan"]
[Black "Larino Nieto, David"]
[Result "1/2-1/2"]
[WhiteElo "2522"]
[BlackElo "2439"]
[PlyCount "71"]
[EventDate "2008.03.19"]
[EventType "swiss"]
[EventRounds "9"]
[EventCountry "ESP"]
[Source "lmi"]
[SourceDate "2008.03.19"]

1. Nf3 d5 2. d4 c5 3. dxc5 Nc6 4. e3 Bg4 5. c3 e5 6. b4 Nf6 7. h3 Bxf3 8. Qxf3
Be7 9. Nd2 O-O 10. Bb5 a5 11. O-O Qc7 12. Bxc6 bxc6 13. a3 e4 14. Qe2 Nd7 15.
Bb2 Rab8 16. Rab1 f5 17. Nb3 Ne5 18. Bc1 Rf6 19. Bd2 g5 20. f4 exf3 21. gxf3
Rh6 22. f4 Nc4 23. Nd4 Rxh3 24. Nxf5 Kh8 25. Qg4 Nxd2 26. Qxh3 Nxb1 27. Rxb1
gxf4 28. Rf1 Rg8+ 29. Kh1 Qe5 30. Nxe7 Qxe7 31. exf4 Qe4+ 32. Kh2 Qe2+ 33. Kh1
Rg6 34. Qc8+ Rg8 35. Qh3 Rg6 36. Qc8+ 1/2-1/2

[Event "35. Torneo Internacional La Roda "]
[Site "La Roda ESP"]
[Date "2008.03.21"]
[Round "5.5"]
[White "Roa Alonso, Santiago"]
[Black "Almeida Quintana, Omar"]
[Result "0-1"]
[WhiteElo "2474"]
[BlackElo "2500"]
[PlyCount "72"]
[EventDate "2008.03.19"]
[EventType "swiss"]
[EventRounds "9"]
[EventCountry "ESP"]
[Source "lmi"]
[SourceDate "2008.03.19"]

1. e4 c5 2. Nf3 Nc6 3. d4 cxd4 4. Nxd4 Nf6 5. Nc3 d6 6. Bc4 Qb6 7. Nb3 e6 8.
Bf4 Ne5 9. Be2 a6 10. O-O Qc7 11. a4 b6 12. Qd4 Be7 13. Be3 Ned7 14. f4 Bb7 15.
Bf3 O-O 16. Rad1 Rac8 17. Qd2 Qb8 18. Qe2 Qa8 19. Bf2 Rxc3 20. bxc3 Nxe4 21.
Be1 Rc8 22. Nd4 Ndc5 23. a5 bxa5 24. Rb1 a4 25. c4 Bf6 26. c3 d5 27. f5 e5 28.
Nc2 dxc4 29. Ne3 Nb3 30. Nxc4 Qa7+ 31. Kh1 Qc5 32. Nb2 Qc6 33. Nxa4 Qxa4 34.
Qc2 Qc4 35. Be2 Qc6 36. Bf3 Nd4 0-1

[Event "35. Torneo Internacional La Roda "]
[Site "La Roda ESP"]
[Date "2008.03.21"]
[Round "5.7"]
[White "Pogorelov, Ruslan"]
[Black "Herraiz Hidalgo, Herminio"]
[Result "1-0"]
[WhiteElo "2396"]
[BlackElo "2485"]
[PlyCount "111"]
[EventDate "2008.03.19"]
[EventType "swiss"]
[EventRounds "9"]
[EventCountry "ESP"]
[Source "lmi"]
[SourceDate "2008.03.19"]

1. d4 f5 2. c4 Nf6 3. g3 g6 4. Nf3 Bg7 5. b4 O-O 6. Bb2 d6 7. Qb3 a5 8. c5+ Kh8
9. a3 axb4 10. axb4 Rxa1 11. Bxa1 c6 12. Bg2 Na6 13. O-O Nd5 14. cxd6 Naxb4 15.
dxe7 Qxe7 16. Nc3 Be6 17. Nxd5 Bxd5 18. Qa3 Re8 19. e3 Be4 20. Bb2 Bf6 21. Qb3
Bd5 22. Qc3 Na2 23. Qd2 Qb4 24. Qxb4 Nxb4 25. Ba3 Nc2 26. Bc5 Ra8 27. Ne1 Nxe1
28. Rxe1 Bxg2 29. Kxg2 Kg8 30. Rb1 b5 31. d5 cxd5 32. Rxb5 Kf7 33. h3 Ra4 34.
Rb7+ Ke6 35. Rxh7 Rc4 36. Ba7 g5 37. Rb7 d4 38. Rb6+ Kf7 39. exd4 Bxd4 40. Rb7+
Ke6 41. Bxd4 Rxd4 42. Kf3 g4+ 43. hxg4 Rxg4 44. Rb6+ Ke5 45. Ke3 Ra4 46. f4+
Kd5 47. Rf6 Ra3+ 48. Kf2 Ra2+ 49. Kf3 Ra3+ 50. Kg2 Ra2+ 51. Kh3 Ke4 52. Kh4
Rh2+ 53. Kg5 Rg2 54. Re6+ Kd5 55. Kxf5 Rxg3 56. Re1 1-0

[Event "35. Torneo Internacional La Roda "]
[Site "La Roda ESP"]
[Date "2008.03.21"]
[Round "5.8"]
[White "Pomes Marcet, Juan"]
[Black "Movsziszian, Karen"]
[Result "0-1"]
[WhiteElo "2388"]
[BlackElo "2527"]
[PlyCount "84"]
[EventDate "2008.03.19"]
[EventType "swiss"]
[EventRounds "9"]
[EventCountry "ESP"]
[Source "lmi"]
[SourceDate "2008.03.19"]

1. d4 d6 2. c4 f5 3. g3 Nf6 4. Bg2 g6 5. Nf3 Bg7 6. d5 O-O 7. Nd4 Qe8 8. Nc3 c5
9. dxc6 bxc6 10. O-O Bd7 11. e3 Na6 12. b3 Rc8 13. Ba3 g5 14. f4 Ng4 15. Qd2
Qh5 16. h3 Nf6 17. Rae1 Kh8 18. Qf2 c5 19. Nde2 Nb4 20. Rd1 Bc6 21. Bxc6 Rxc6
22. Qg2 Ra6 23. Bxb4 cxb4 24. Na4 g4 25. h4 Ne4 26. Rd5 Qf7 27. Rfd1 Rb8 28.
Nd4 e6 29. Rb5 Rxb5 30. Nxb5 Rc6 31. Nd4 Rc8 32. Kh2 Bh6 33. Nb2 a5 34. Nd3 Kg8
35. Nf2 Nc3 36. Rd2 Qg7 37. Nd1 Ne4 38. Rd3 Qe7 39. Nf2 Nc5 40. Rd1 a4 41. Nc6
Qb7 42. Rxd6 Qc7 0-1

[Event "35. Torneo Internacional La Roda "]
[Site "La Roda ESP"]
[Date "2008.03.21"]
[Round "5.9"]
[White "Epishin, Vladimir"]
[Black "Palencia, Wilson"]
[Result "1/2-1/2"]
[WhiteElo "2577"]
[BlackElo "2287"]
[PlyCount "72"]
[EventDate "2008.03.19"]
[EventType "swiss"]
[EventRounds "9"]
[EventCountry "ESP"]
[Source "lmi"]
[SourceDate "2008.03.19"]

1. d4 d5 2. c4 dxc4 3. e3 Nf6 4. Bxc4 e6 5. Nf3 c5 6. O-O a6 7. Bd3 cxd4 8.
exd4 Be7 9. Ne5 Nc6 10. Nxc6 bxc6 11. Be3 O-O 12. Nc3 Bb7 13. Qe2 Qc7 14. Rfc1
Rfd8 15. Be4 Nxe4 16. Nxe4 e5 17. dxe5 Qxe5 18. Nc5 Bd6 19. f4 Qe7 20. Qf2 Bc8
21. Re1 Bf5 22. Na4 Bb4 23. Bb6 Bxe1 24. Rxe1 Qb4 25. Bxd8 Rxd8 26. Nc3 g6 27.
a3 Qc4 28. Nd1 Qd3 29. Ne3 Be6 30. h3 Rb8 31. f5 Bxf5 32. Nxf5 Qxf5 33. Qxf5
gxf5 34. b4 Rb5 35. Rc1 a5 36. bxa5 Rxa5 1/2-1/2

[Event "35. Torneo Internacional La Roda "]
[Site "La Roda ESP"]
[Date "2008.03.21"]
[Round "5.10"]
[White "Kolev, Atanas"]
[Black "Camacho Collados, Jose"]
[Result "1-0"]
[WhiteElo "2572"]
[BlackElo "2268"]
[PlyCount "123"]
[EventDate "2008.03.19"]
[EventType "swiss"]
[EventRounds "9"]
[EventCountry "ESP"]
[Source "lmi"]
[SourceDate "2008.03.19"]

1. e4 c6 2. d4 d5 3. exd5 cxd5 4. c4 Nf6 5. Nc3 g6 6. cxd5 Bg7 7. Bc4 O-O 8.
Bg5 Nbd7 9. Nge2 Nb6 10. Bxf6 Bxf6 11. Bb3 Bg4 12. f3 Bd7 13. O-O a5 14. a3 Rc8
15. Rc1 Nc4 16. Bxc4 Rxc4 17. Qd3 Rc8 18. Ne4 Qb6 19. Nxf6+ exf6 20. Qd2 Bb5
21. Rxc8 Rxc8 22. Rc1 Rxc1+ 23. Nxc1 Bc4 24. h4 h5 25. Qc3 Bxd5 26. Nd3 Kg7 27.
Kf2 g5 28. b4 axb4 29. Nxb4 Be6 30. Qc5 Qxc5 31. dxc5 gxh4 32. a4 h3 33. gxh3
Bxh3 34. a5 h4 35. Nd5 Bd7 36. Ne7 Bb5 37. Nf5+ Kg6 38. Nxh4+ Kg5 39. Kg3 f5
40. f4+ Kf6 41. Nf3 Bd7 42. Nd4 Ke7 43. Kh4 Kf6 44. Kh5 Bc8 45. Kh4 Bd7 46. Kh3
Ke7 47. Kg2 Kd8 48. Kf2 Kc7 49. Ke3 Kb8 50. Nc2 Kc7 51. Nb4 Be6 52. Kd4 f6 53.
Kc3 Bf7 54. Nc2 Kc6 55. Kb4 Kd5 56. Kb5 Ke4 57. Kb6 Kxf4 58. c6 bxc6 59. a6 c5
60. Kxc5 Bh5 61. Ne1 Bf3 62. Nxf3 1-0

[Event "35. Torneo Internacional La Roda "]
[Site "La Roda ESP"]
[Date "2008.03.21"]
[Round "5.11"]
[White "Garcia, Jhoel"]
[Black "Ubilava, Elizbar"]
[Result "0-1"]
[WhiteElo "2289"]
[BlackElo "2544"]
[PlyCount "39"]
[EventDate "2008.03.19"]
[EventType "swiss"]
[EventRounds "9"]
[EventCountry "ESP"]
[Source "lmi"]
[SourceDate "2008.03.19"]

1. e4 c5 2. Nf3 d6 3. d4 cxd4 4. Nxd4 Nf6 5. Nc3 a6 6. Bc4 e6 7. Bb3 Nbd7 8. f4
Nc5 9. f5 Be7 10. Qf3 O-O 11. Be3 e5 12. Nde2 b5 13. O-O-O Nxb3+ 14. cxb3 b4
15. Nd5 Nxd5 16. exd5 a5 17. Kb1 a4 18. bxa4 Rxa4 19. b3 Ra5 20. Rd2 0-1

[Event "35. Torneo Internacional La Roda "]
[Site "La Roda ESP"]
[Date "2008.03.21"]
[Round "5.12"]
[White "Strikovic, Aleksa"]
[Black "Cortes Lizano, Jesus"]
[Result "1-0"]
[WhiteElo "2543"]
[BlackElo "2250"]
[PlyCount "63"]
[EventDate "2008.03.19"]
[EventType "swiss"]
[EventRounds "9"]
[EventCountry "ESP"]
[Source "lmi"]
[SourceDate "2008.03.19"]

1. Nf3 d5 2. d4 c6 3. c4 Nf6 4. Nc3 g6 5. Bf4 Bg7 6. e3 O-O 7. h3 Ne4 8. Nxe4
dxe4 9. Nd2 e5 10. dxe5 Qa5 11. Qc2 Na6 12. a3 Bxe5 13. Bxe5 Qxe5 14. Rd1 Bf5
15. b4 Rae8 16. c5 Bc8 17. Nc4 Qg5 18. Nd6 Re5 19. Nxe4 Qh4 20. Bd3 f5 21. g3
Qe7 22. Nd6 f4 23. Nxc8 Qg5 24. gxf4 Rxf4 25. Rf1 Nc7 26. Bc4+ Kh8 27. Rd3 Nd5
28. Bxd5 cxd5 29. Nd6 d4 30. e4 Rfxe4+ 31. Nxe4 Rxe4+ 32. Kd1 1-0

[Event "35. Torneo Internacional La Roda "]
[Site "La Roda ESP"]
[Date "2008.03.21"]
[Round "5.13"]
[White "Porat, Ido"]
[Black "Mirzoev, Azer"]
[Result "0-1"]
[WhiteElo "2272"]
[BlackElo "2518"]
[PlyCount "118"]
[EventDate "2008.03.19"]
[EventType "swiss"]
[EventRounds "9"]
[EventCountry "ESP"]
[Source "lmi"]
[SourceDate "2008.03.19"]

1. d4 d5 2. c4 c6 3. Nf3 Nf6 4. Nc3 dxc4 5. a4 Bf5 6. e3 e6 7. Bxc4 Nbd7 8. O-O
Bb4 9. Qe2 O-O 10. Nh4 Bg4 11. f3 Bh5 12. g4 Nd5 13. Ng2 Bg6 14. Bd2 N5b6 15.
Bb3 c5 16. a5 cxd4 17. exd4 Nc8 18. d5 Nc5 19. Qc4 Bxa5 20. Be3 Nxb3 21. Qxb3
Bxc3 22. bxc3 Qxd5 23. Qxd5 exd5 24. Nf4 d4 25. Bxd4 b6 26. Nd5 Rb8 27. h4 h6
28. h5 Bd3 29. Rfe1 Rb7 30. Nf4 Bc4 31. Kf2 Rd8 32. Re5 f6 33. Re3 Ne7 34. Rae1
Kf7 35. Ne6 Bxe6 36. Rxe6 Nd5 37. R6e4 Rc8 38. Rc1 Rbc7 39. f4 Nxc3 40. Bxc3
Rxc3 41. Ra1 Rc2+ 42. Ke3 R8c3+ 43. Kd4 Rc4+ 44. Kd5 Rxe4 45. Kxe4 Rc7 46. Rd1
a5 47. Rd6 a4 48. Rxb6 Ra7 49. f5 a3 50. Rb1 a2 51. Ra1 Ke7 52. Kd5 Kd7 53. Kc5
Ra8 54. Kd5 Ra5+ 55. Kc4 Kd6 56. Kd4 Ra4+ 57. Kc3 Ke5 58. Kb2 Rxg4 59. Rf1 Rg5
0-1

[Event "35. Torneo Internacional La Roda "]
[Site "La Roda ESP"]
[Date "2008.03.21"]
[Round "5.14"]
[White "Fernandez Barrera, Victor"]
[Black "Suba, Mihai"]
[Result "0-1"]
[WhiteElo "2247"]
[BlackElo "2485"]
[PlyCount "64"]
[EventDate "2008.03.19"]
[EventType "swiss"]
[EventRounds "9"]
[EventCountry "ESP"]
[Source "lmi"]
[SourceDate "2008.03.19"]

1. e4 e5 2. Nf3 Nc6 3. Bb5 Qe7 4. O-O Nd8 5. d4 c6 6. Bd3 d6 7. h3 g6 8. dxe5
dxe5 9. b3 f6 10. Nbd2 Nh6 11. Nc4 Nhf7 12. a4 Ne6 13. Re1 Qc7 14. Ba3 Bxa3 15.
Rxa3 O-O 16. b4 Rd8 17. Qb1 Nf4 18. Bf1 Be6 19. Kh2 Kg7 20. Rc3 g5 21. g3 Nxh3
22. Bxh3 g4 23. Bxg4 Bxg4 24. Nh4 Be6 25. Ne3 Nh6 26. Rd1 Rd4 27. Rcd3 Rxe4 28.
f3 Rxh4+ 29. gxh4 e4+ 30. Rd6 Rd8 31. R1d4 Rxd6 32. Qg1+ Ng4+ 0-1

[Event "35. Torneo Internacional La Roda "]
[Site "La Roda ESP"]
[Date "2008.03.21"]
[Round "5.15"]
[White "Dolezal, Cristian"]
[Black "Sanchez Gonzalez, Sergio"]
[Result "1-0"]
[WhiteElo "2425"]
[BlackElo "2234"]
[PlyCount "51"]
[EventDate "2008.03.19"]
[EventType "swiss"]
[EventRounds "9"]
[EventCountry "ESP"]
[Source "lmi"]
[SourceDate "2008.03.19"]

1. e4 c5 2. Nf3 d6 3. d4 Nf6 4. Nc3 cxd4 5. Nxd4 e6 6. g4 h6 7. Bg2 Nfd7 8. Be3
a6 9. Qe2 Nc6 10. O-O-O Nxd4 11. Rxd4 Qc7 12. f4 b5 13. e5 d5 14. Rxd5 exd5 15.
Nxd5 Qb8 16. Rd1 Be7 17. Nxe7 Kxe7 18. Bd2 Bb7 19. Bb4+ Kd8 20. Qd2 Qc8 21. Qd6
Bxg2 22. e6 fxe6 23. Ba5+ Ke8 24. Qxe6+ Kf8 25. Rxd7 Qxd7 26. Bb4+ 1-0

[Event "35. Torneo Internacional La Roda "]
[Site "La Roda ESP"]
[Date "2008.03.21"]
[Round "5.16"]
[White "Garcia Romero, Benjamin Abel"]
[Black "Rojas, Luis"]
[Result "0-1"]
[WhiteElo "2227"]
[BlackElo "2414"]
[PlyCount "82"]
[EventDate "2008.03.19"]
[EventType "swiss"]
[EventRounds "9"]
[EventCountry "ESP"]
[Source "lmi"]
[SourceDate "2008.03.19"]

1. d4 Nf6 2. c4 e6 3. Nf3 c5 4. d5 d6 5. Nc3 exd5 6. cxd5 g6 7. e4 Bg7 8. Qa4+
Bd7 9. Qb3 Qc7 10. Bf4 O-O 11. h3 Re8 12. Nd2 Na6 13. Bxa6 bxa6 14. O-O Rab8
15. Qc2 Nh5 16. Bh2 f5 17. f4 fxe4 18. Ndxe4 Bf5 19. Rae1 Bxc3 20. bxc3 Qe7 21.
g4 Bxe4 22. Rxe4 Qxe4 23. Qxe4 Rxe4 24. gxh5 gxh5 25. f5 Rb6 26. Bf4 Re2 27. a4
a5 28. Ra1 Kf7 29. Bg5 Re5 30. Bd8 Rb8 31. Bxa5 Rxd5 32. c4 Rxf5 33. Rd1 Rg8+
34. Kh1 Ke6 35. Bc7 d5 36. cxd5+ Rxd5 37. Re1+ Kd7 38. Bh2 c4 39. Bg1 c3 40.
Rc1 Rd3 41. Kh2 Rd2+ 0-1

[Event "35. Torneo Internacional La Roda "]
[Site "La Roda ESP"]
[Date "2008.03.21"]
[Round "5.17"]
[White "Kovacevic, Slobodan"]
[Black "Martinez Lozano, Miguel Angel"]
[Result "1-0"]
[WhiteElo "2413"]
[BlackElo "2203"]
[PlyCount "118"]
[EventDate "2008.03.19"]
[EventType "swiss"]
[EventRounds "9"]
[EventCountry "ESP"]
[Source "lmi"]
[SourceDate "2008.03.19"]

1. d4 Nf6 2. Nf3 g6 3. Bg5 Bg7 4. Nbd2 O-O 5. c3 d6 6. e4 Qe8 7. Bc4 e5 8. dxe5
dxe5 9. O-O Nbd7 10. Re1 h6 11. Bh4 Nh5 12. Nf1 Nb6 13. Bb3 Be6 14. N3d2 Nf4
15. Qc2 a5 16. a4 Bxb3 17. Qxb3 Nd3 18. Re3 Nf4 19. Qc2 Qc6 20. Ree1 Rfe8 21.
Ne3 Qe6 22. b3 Bf8 23. Rad1 Bc5 24. Ndf1 g5 25. Bg3 Rad8 26. Nf5 Nc8 27. N1e3
c6 28. Nc4 b6 29. Rxd8 Rxd8 30. Rd1 Rxd1+ 31. Qxd1 Kh7 32. h3 Ne7 33. Nfe3 Nc8
34. Nf5 Ne7 35. Bxf4 exf4 36. Nxe7 Qxe7 37. Qd3 Kg7 38. Kf1 f6 39. e5 fxe5 40.
Qe4 Kf6 41. Qxc6+ Qe6 42. Qe4 Qf5 43. Nd2 Qd7 44. Qc2 Qd5 45. Ne4+ Kg7 46. Ke2
Be7 47. f3 h5 48. Qd1 Qe6 49. c4 g4 50. hxg4 hxg4 51. Qd5 gxf3+ 52. gxf3 Qf5
53. Qb7 Kf8 54. Qxb6 Qh5 55. Qg1 Qf5 56. Qg4 Qf7 57. Qc8+ Kg7 58. Qc7 Kf8 59.
Qxe5 Kg8 1-0

[Event "35. Torneo Internacional La Roda "]
[Site "La Roda ESP"]
[Date "2008.03.21"]
[Round "5.18"]
[White "Kislik, Erik Andrew"]
[Black "Marholev, Dimitar"]
[Result "1/2-1/2"]
[WhiteElo "2216"]
[BlackElo "2401"]
[PlyCount "132"]
[EventDate "2008.03.19"]
[EventType "swiss"]
[EventRounds "9"]
[EventCountry "ESP"]
[Source "lmi"]
[SourceDate "2008.03.19"]

1. e4 e5 2. Nf3 Nc6 3. Bb5 a6 4. Ba4 Nf6 5. O-O Be7 6. Re1 b5 7. Bb3 d6 8. c3
O-O 9. h3 Na5 10. Bc2 c5 11. d4 Qc7 12. Nbd2 cxd4 13. cxd4 Bb7 14. d5 Bc8 15.
Bd3 Bd7 16. Nf1 Nb7 17. Be3 Rfc8 18. g4 Nc5 19. Rc1 Qb8 20. Bb1 h5 21. N3h2
hxg4 22. hxg4 Na4 23. Qe2 Nh7 24. f4 exf4 25. Bxf4 Bg5 26. Rxc8+ Bxc8 27. e5
Bxf4 28. Bxh7+ Kxh7 29. Qe4+ Kg8 30. Qxf4 Qb6+ 31. Qe3 dxe5 32. Qxb6 Nxb6 33.
Rxe5 Bb7 34. Ne3 Rd8 35. Re7 Bxd5 36. Ra7 Bxa2 37. Rxa6 Nc4 38. Rxa2 Nxe3 39.
Ra5 b4 40. Rb5 Rd4 41. g5 Nd1 42. b3 Nc3 43. Rb7 Ne2+ 44. Kf2 Nc1 45. Nf3 Rg4
46. Nd2 Rxg5 47. Ke3 Nxb3 48. Kf4 Nxd2 49. Kxg5 Ne4+ 50. Kh4 f5 51. Rxb4 Kf7
52. Rb7+ Kg6 53. Rb6+ Kh7 54. Kh5 f4 55. Kg4 Nf6+ 56. Kf3 Nh5 57. Ra6 g6 58.
Ra7+ Kh6 59. Kg4 Nf6+ 60. Kxf4 Nh5+ 61. Kg4 Nf6+ 62. Kg3 g5 63. Ra8 Kg6 64. Ra6
Kf5 65. Ra7 Kg6 66. Kf3 Nh5 1/2-1/2

[Event "35. Torneo Internacional La Roda "]
[Site "La Roda ESP"]
[Date "2008.03.21"]
[Round "5.19"]
[White "Robles Garcia, Claudia"]
[Black "Martinez Martin, David"]
[Result "1/2-1/2"]
[WhiteElo "2203"]
[BlackElo "2395"]
[PlyCount "50"]
[EventDate "2008.03.19"]
[EventType "swiss"]
[EventRounds "9"]
[EventCountry "ESP"]
[Source "lmi"]
[SourceDate "2008.03.19"]

1. e4 e6 2. d4 d5 3. Nc3 Nf6 4. e5 Nfd7 5. f4 c5 6. Nf3 Nc6 7. Be3 a6 8. Qd2 b5
9. dxc5 Bxc5 10. Ne2 Bxe3 11. Qxe3 Qa5+ 12. Qd2 Qxd2+ 13. Kxd2 f6 14. Ned4 Nxd4
15. Nxd4 fxe5 16. fxe5 Nxe5 17. Re1 Ng4 18. Nxe6 Bxe6 19. Rxe6+ Kd7 20. Re1
Raf8 21. Bd3 Rf2+ 22. Re2 Rhf8 23. h3 Ne5 24. Rhe1 Kd6 25. Ke3 Rxe2+ 1/2-1/2

[Event "35. Torneo Internacional La Roda "]
[Site "La Roda ESP"]
[Date "2008.03.21"]
[Round "5.20"]
[White "Picazo Lopez, Juan Antonio"]
[Black "Vehi Bach, Victor M"]
[Result "1/2-1/2"]
[WhiteElo "2202"]
[BlackElo "2373"]
[PlyCount "30"]
[EventDate "2008.03.19"]
[EventType "swiss"]
[EventRounds "9"]
[EventCountry "ESP"]
[Source "lmi"]
[SourceDate "2008.03.19"]

1. d4 Nf6 2. c4 e6 3. Nc3 Bb4 4. e3 b6 5. Bd3 Bb7 6. f3 c5 7. Nge2 O-O 8. O-O
cxd4 9. exd4 d5 10. cxd5 Nxd5 11. Nxd5 exd5 12. Ng3 Nc6 13. a3 Be7 14. Be3 Re8
15. Bf2 g6 1/2-1/2

[Event "35. Torneo Internacional La Roda "]
[Site "La Roda ESP"]
[Date "2008.03.22"]
[Round "6.1"]
[White "Sanchez, Joseph"]
[Black "Corrales Jimenez, Fidel"]
[Result "0-1"]
[WhiteElo "2492"]
[BlackElo "2509"]
[PlyCount "46"]
[EventDate "2008.03.19"]
[EventType "swiss"]
[EventRounds "9"]
[EventCountry "ESP"]
[Source "lmi"]
[SourceDate "2008.03.19"]

1. e4 c5 2. Nf3 d6 3. d4 cxd4 4. Nxd4 Nf6 5. Nc3 a6 6. Be3 e6 7. Qd2 b5 8.
O-O-O b4 9. Na4 Qa5 10. b3 Nxe4 11. Qd3 Bb7 12. f3 Nc3 13. Nxc3 bxc3 14. Kb1
Nd7 15. Ne2 Rc8 16. Bd4 Ne5 17. Bxe5 dxe5 18. g3 Be7 19. Bh3 Qc5 20. Rhe1 O-O
21. Ka1 Qa3 22. Rb1 Rc5 23. b4 Bd5 0-1

[Event "35. Torneo Internacional La Roda "]
[Site "La Roda ESP"]
[Date "2008.03.22"]
[Round "6.3"]
[White "Almeida Quintana, Omar"]
[Black "Kolev, Atanas"]
[Result "1/2-1/2"]
[WhiteElo "2500"]
[BlackElo "2572"]
[PlyCount "34"]
[EventDate "2008.03.19"]
[EventType "swiss"]
[EventRounds "9"]
[EventCountry "ESP"]
[Source "lmi"]
[SourceDate "2008.03.19"]

1. d4 Nf6 2. Nf3 d5 3. c4 e6 4. Nc3 dxc4 5. e4 Bb4 6. Bg5 c5 7. e5 cxd4 8. Nxd4
Bxc3+ 9. bxc3 Qa5 10. exf6 Qxg5 11. fxg7 Qxg7 12. Qd2 O-O 13. Bxc4 a6 14. O-O
b5 15. Be2 Bb7 16. Bf3 Bxf3 17. Nxf3 Nc6 1/2-1/2

[Event "35. Torneo Internacional La Roda "]
[Site "La Roda ESP"]
[Date "2008.03.22"]
[Round "6.4"]
[White "Ubilava, Elizbar"]
[Black "Llorente Zaro, Alfonso"]
[Result "1-0"]
[WhiteElo "2544"]
[BlackElo "2435"]
[PlyCount "85"]
[EventDate "2008.03.19"]
[EventType "swiss"]
[EventRounds "9"]
[EventCountry "ESP"]
[Source "lmi"]
[SourceDate "2008.03.19"]

1. d4 Nf6 2. c4 d6 3. Nf3 Bf5 4. g3 Nbd7 5. Bg2 c6 6. O-O e5 7. Nc3 h6 8. d5
cxd5 9. Nh4 Be4 10. Nxe4 dxe4 11. Nf5 Qc7 12. b3 g6 13. Ne3 Be7 14. Qc2 Qc6 15.
Rd1 Rc8 16. Ba3 d5 17. Bxe7 Kxe7 18. Nxd5+ Nxd5 19. Bxe4 N7f6 20. Rxd5 Nxd5 21.
Qb2 Qc7 22. Bxd5 Rhd8 23. Qd2 h5 24. Qg5+ Ke8 25. Qf6 Qe7 26. Qg7 Rd6 27. Rd1
Kd7 28. Rd3 f5 29. Qh6 Kc7 30. c5 Rf6 31. b4 f4 32. Be4 Rcf8 33. Qg5 fxg3 34.
hxg3 R8f7 35. Rd5 Re6 36. Qe3 h4 37. b5 hxg3 38. Qxg3 Rf4 39. f3 g5 40. e3 Rh4
41. Bf5 Reh6 42. Rd7+ Qxd7 43. Qxe5+ 1-0

[Event "35. Torneo Internacional La Roda "]
[Site "La Roda ESP"]
[Date "2008.03.22"]
[Round "6.6"]
[White "Movsziszian, Karen"]
[Black "Dolezal, Cristian"]
[Result "1-0"]
[WhiteElo "2527"]
[BlackElo "2425"]
[PlyCount "59"]
[EventDate "2008.03.19"]
[EventType "swiss"]
[EventRounds "9"]
[EventCountry "ESP"]
[Source "lmi"]
[SourceDate "2008.03.19"]

1. g3 g6 2. Bg2 Bg7 3. d4 d5 4. Nf3 e6 5. Nbd2 Ne7 6. O-O Nbc6 7. c3 b6 8. e4
Bb7 9. Re1 h6 10. h4 Qd7 11. Qe2 O-O-O 12. e5 Nb8 13. a4 Ba6 14. Qd1 Qc6 15.
Qc2 Qb7 16. b4 c6 17. Ba3 b5 18. Nb3 Nd7 19. Bb2 bxa4 20. Rxa4 Bb5 21. Ra3 Kb8
22. Nfd2 Bf8 23. Rea1 Nc8 24. Nc5 Bxc5 25. bxc5 Ka8 26. c4 dxc4 27. Nxc4 Bxc4
28. Qxc4 Nb8 29. Bc3 Rd7 30. Rb3 1-0

[Event "35. Torneo Internacional La Roda "]
[Site "La Roda ESP"]
[Date "2008.03.22"]
[Round "6.8"]
[White "Mirzoev, Azer"]
[Black "Kovacevic, Slobodan"]
[Result "1-0"]
[WhiteElo "2518"]
[BlackElo "2413"]
[PlyCount "60"]
[EventDate "2008.03.19"]
[EventType "swiss"]
[EventRounds "9"]
[EventCountry "ESP"]
[Source "lmi"]
[SourceDate "2008.03.19"]

1. d4 Nf6 2. c4 e6 3. Nc3 c5 4. d5 exd5 5. cxd5 d6 6. e4 g6 7. Bd3 Bg7 8. Nge2
O-O 9. O-O Re8 10. Ng3 Na6 11. h3 Nc7 12. Bg5 h6 13. Bf4 a6 14. a4 Rb8 15. Qd2
Kh7 16. a5 b5 17. axb6 Rxb6 18. Ra2 Rb4 19. Qe1 Qe7 20. Bd2 Nd7 21. f4 Nb6 22.
Kh2 Nd7 23. Rf3 Rb8 24. Kh1 Nf6 25. Qf1 Kg8 26. Bc4 Bb7 27. b3 Rbd8 28. Bd3 Rb8
29. Ra1 Bc8 30. Bc4 Bb7 1-0

[Event "35. Torneo Internacional La Roda "]
[Site "La Roda ESP"]
[Date "2008.03.22"]
[Round "6.9"]
[White "Ibarra Jerez, Jose Carlos"]
[Black "Ivanov, Jordan"]
[Result "1-0"]
[WhiteElo "2493"]
[BlackElo "2371"]
[PlyCount "57"]
[EventDate "2008.03.19"]
[EventType "swiss"]
[EventRounds "9"]
[EventCountry "ESP"]
[Source "lmi"]
[SourceDate "2008.03.19"]

1. e4 c5 2. Nf3 e6 3. d4 cxd4 4. Nxd4 Nf6 5. Nc3 d6 6. Be3 Be7 7. f3 Nc6 8. Qd2
O-O 9. g4 a6 10. O-O-O Nxd4 11. Qxd4 b5 12. g5 Nd7 13. h4 Bb7 14. Kb1 Re8 15.
h5 Bf8 16. g6 fxg6 17. hxg6 hxg6 18. Qd2 Rc8 19. Qh2 Ne5 20. f4 Rxc3 21. bxc3
Ng4 22. Qg3 Nf6 23. Bd3 Bxe4 24. Bd4 Bf5 25. Bxf5 gxf5 26. Qg6 e5 27. Rh3 Be7
28. Rdh1 Kf8 29. Rh8+ 1-0